[Event "FRA-chT3 Gr01 0607"]
[Site "France"]
[Date "2007.03.18"]
[Round "7.5"]
[White "Garnier, Jean Paul"]
[Black "Chudyba, Rodolphe"]
[Result "1-0"]
[WhiteElo "2060"]
[BlackElo "1890"]
[PlyCount "67"]
[EventDate "2006.10.15"]
[EventType "team-tourn"]
[EventRounds "9"]
[EventCountry "FRA"]
[SourceTitle "EXT 2008"]
[Source "ChessBase"]
[SourceDate "2007.11.25"]
[SourceVersion "1"]
[SourceVersionDate "2007.11.25"]
[SourceQuality "1"]

1. e4 c5 2. Nf3 d6 3. d4 cxd4 4. Nxd4 Nf6 5. Nc3 a6 6. a4 b6 7. Bd3 e6 8. 0-0 Bb7 9. f4 Nbd7 10. Qe2 Qc7 11. Nb3 Be7 12. Bd2 0-0 13. g4 Nc5 14. Nxc5 dxc5 15. g5 Nd7 16. Rf3 Rac8 17. Rh3 Rfd8 18. Bc4 Nf8 19. Rf1 Rd7 20. Be3 Rcd8 21. f5 Qe5 22. f6 gxf6 23. gxf6 Bxf6 24. Rh5 Qd6 25. Rxf6 Ng6 26. Qg4 Kh8 27. Qh3 Nf8 28. Rg5 Qe7 29. e5 Ng6 30. Bd3 Rxd3 31. cxd3 Nxe5 32. Rf1 Rxd3 33. Rxe5 f6 34. Rxe6 1-0

[Event "FRA-chT3 Gr01 0607"]
[Site "France"]
[Date "2006.10.15"]
[Round "1.6"]
[White "Srdoc, Nenad"]
[Black "Chudyba, Rodolphe"]
[Result "0-1"]
[WhiteElo "1950"]
[BlackElo "1890"]
[PlyCount "46"]
[EventDate "2006.10.15"]
[EventType "team-tourn"]
[EventRounds "9"]
[EventCountry "FRA"]
[SourceTitle "EXT 2008"]
[Source "ChessBase"]
[SourceDate "2007.11.25"]
[SourceVersion "1"]
[SourceVersionDate "2007.11.25"]
[SourceQuality "1"]

1. e4 c5 2. Nc3 d6 3. g3 Nf6 4. Bg2 Nc6 5. Nge2 g6 6. d3 Bg7 7. f4 Rb8 8. 0-0 0-0 9. h3 h5 10. Be3 e6 11. e5 Nd5 12. Nxd5 exd5 13. Bxd5 Bxh3 14. Bg2 Bxg2 15. Kxg2 dxe5 16. f5 Nd4 17. c3 Qd5+ 18. Kh3 Nxf5 19. Rxf5 gxf5 20. c4 Qf3 21. Bxc5 Rfd8 22. Nc3 Rxd3 23. Qxf3 Rxf3 0-1